[Event "5th Cairns Cup 2025"]
[Site "Saint Louis USA"]
[Date "2025.06.13"]
[Round "4.1"]
[White "Kashlinskaya, Alina"]
[Black "Batsiashvili, Nino"]
[Result "1/2-1/2"]
[Annotator "Tactical Analysis 7.0"]
[WhiteElo "2459"]
[BlackElo "2462"]
[PlyCount "65"]
[GameId "2189690440188186"]
[EventDate "2025.06.10"]

1. d4 d5 2. c4 e6 3. Nc3 Be7 4. Nf3 Nf6 5. Bg5 O-O 6. e3 Nbd7 7. Rc1 h6 {now supersedes 7...c6.} 8. Bf4 c5 {D63: Queen's Gambit Declined: Classical: 7 Rc1.} 9. dxc5 Nxc5 10. a3 $146 ({Predecessor:} 10. Be2 dxc4 11. Bxc4 a6 12. O-O b5 13. Be2 Bb7 14. a3 Qb6 15. b4 Ncd7 16. e4 {1-0 Moser,A (2149)-Hlavchev,I (1973) Wolfsburg op-A 2024 (2)}) 10... a6 {Black is slightly better.} 11. cxd5 Nxd5 12. Nxd5 exd5 13. Be2 Bg4 14. O-O Ne6 15. Be5 Bf6 {[#] And now ...Bxf3 would win. The position is equal.} 16. Bxf6 Qxf6 17. b4 Rad8 18. h3 Bh5 19. Nd4 Bxe2 20. Nxe2 d4 21. Nxd4 Nxd4 22. exd4 Rxd4 23. Qe2 Rfd8 24. Rcd1 Rxd1 25. Rxd1 Rxd1+ 26. Qxd1 $11 {[%mdl 4096] Endgame KQ-KQ} Qc3 27. Qd8+ Kh7 28. Qe7 {[%csl LRb7,LRf7]} Qc1+ 29. Kh2 Qf4+ 30. Kg1 Qc1+ 31. Kh2 Qf4+ 32. Kg1 Qc1+ {Weighted Error Value: White=0.06 (flawless) /Black=0.05 (flawless)} 33. Kh2 1/2-1/2

[Event "5th Cairns Cup 2025"]
[Site "Saint Louis USA"]
[Date "2025.06.13"]
[Round "4.2"]
[White "Koneru, Humpy"]
[Black "Assaubayeva, Bibisara"]
[Result "1-0"]
[Annotator "Tactical Analysis 7.0"]
[WhiteElo "2543"]
[BlackElo "2509"]
[PlyCount "69"]
[GameId "2189692793299551"]
[EventDate "2025.06.10"]

1. d4 Nf6 2. c4 c6 3. Nf3 d5 4. e3 Bf5 5. Nc3 e6 6. Nh4 Be4 7. f3 Bg6 {D12: Slav Defence: 3 Nf3 Nf6 4 e3 Bf5.} 8. Bd2 Nbd7 9. cxd5 Nxd5 {White is slightly better.} 10. Nxg6 hxg6 11. Qb3 Qb6 12. Bc4 $146 ({Predecessor:} 12. O-O-O Qxb3 13. axb3 Be7 14. e4 Nc7 15. Be3 O-O-O 16. Bc4 a6 17. d5 Ne5 18. Bb6 {1-0 Keymer,V (2699)-Kramnik,V (2753) Chessable Masters Play In Chess.com INT rapid 2023 (8)}) 12... Bd6 13. Ne4 Be7 14. O-O-O Qxb3 15. Bxb3 O-O-O 16. h3 c5 17. Nc3 {[%cal Be4c3,Bc3e2,Be2d4][%mdl 32]} Nb4 {White must now prevent ...Nd3+. A dynamic duo of knights.} 18. Kb1 Nf6 19. Ne2 Kb8 {[#]} (19... a6 $14 {is superior.}) 20. e4 $1 $16 Ka8 21. Bf4 cxd4 22. Nxd4 ({Don't do} 22. Rxd4 Nc6 23. Rxd8+ Rxd8 $14) 22... Rh5 (22... Bc5 $16) 23. g4 $18 {[%cal Bg2g4,Bg4g5][%mdl 32]} Rhh8 24. h4 (24. a3 $18) 24... Na6 (24... Bc5 $16 {is a better defense.}) 25. g5 Nd7 {[#]} (25... Nh5 $142 26. Bh2 Nc5) 26. Bxe6 $1 {[%mdl 512]} fxe6 (26... Nac5 27. Bd5) 27. Nxe6 Ndc5 {[%cal Bd7c5,Bc5e6,Be6c7][%mdl 32]} 28. Nxd8 Bxd8 29. Be5 Ne6 30. f4 {White is clearly winning.} Rf8 31. Rhf1 Bc7 32. Bxc7 Nexc7 33. f5 gxf5 34. exf5 {[%cal Be4f5,Bf5f6][%mdl 32]} Nc5 {Weighted Error Value: White=0.09 (flawless) /Black=0.33} 35. f6 1-0

[Event "5th Cairns Cup 2025"]
[Site "Saint Louis USA"]
[Date "2025.06.13"]
[Round "4.3"]
[White "Muzychuk, Mariya"]
[Black "Yip, Carissa"]
[Result "1-0"]
[Annotator "Tactical Analysis 7.0"]
[WhiteElo "2492"]
[BlackElo "2431"]
[PlyCount "105"]
[GameId "2189695680516966"]
[EventDate "2025.06.10"]

1. d4 d6 2. e4 Nf6 3. Nc3 g6 4. f4 Bg7 5. Nf3 O-O 6. Bd3 Nc6 7. d5 Nb4 8. Be2 {B09: Pirc Defence: Austrian Attack.} e6 ({Black should try} 8... c6 $1 $11) 9. a3 Na6 10. Bxa6 {The position is equal.} bxa6 11. dxe6 Bxe6 12. O-O {[%cal Of4f5]} Qb8 13. Qd3 {[%cal Oc1e3]} Qb7 14. Be3 $146 ({Predecessor:} 14. h3 Rae8 15. Bd2 Nd7 16. Rab1 Nc5 17. Qe2 Bf5 18. Qf2 Nxe4 19. Nxe4 Bxe4 20. Bc3 Bxf3 21. Qxf3 {0-1 Khouri,I (2225)-Hojjatova,A (2014) Abu Dhabi op 22nd 2014 (4)}) 14... Rfe8 {[%cal Of6e4]} (14... Qxb2 $2 15. Rfb1 $18) 15. Bd4 Rad8 $2 {[%mdl 8192]} (15... c5 $11 16. Bxf6 Bxf6) 16. f5 $18 gxf5 17. exf5 Bd7 18. Bxf6 Bxf6 19. Nd5 $1 Bg7 {[%cal Od7c6]} (19... Qxb2 $2 20. Rab1 $18 (20. Nxc7 $2 Qb6+ 21. Kh1 Qxc7 $19)) 20. f6 Bh6 {Prevents Ng5.} 21. Ne7+ {Excellent horsemanship.} Kh8 22. Nd4 {Prevents Qb5.} Rg8 23. Nxg8 Rxg8 {[%csl Gg8][%cal Rb7g2]} 24. Qf3 Qb6 25. c3 Qxb2 26. Rae1 {Wards off Be3+} Bg4 (26... Bd2 $16) 27. Qd3 Bf5 {[%csl Gg8][%cal Rb2g2]} 28. Qe2 (28. Qxf5 $2 Qxg2#) (28. Qf3 $1 $18 Bd3 29. Rf2 Qxc3 30. Rd1 Qxd4 31. Rxd3) 28... Qxe2 29. Rxe2 Bd3 {[#]} 30. Re7 {[%csl LRc7,LRf7]} Bxf1 31. Kxf1 $16 {[%mdl 4096] Endgame KRB-KRN. Black is a pawn up.} Bg5 (31... Rg6 $16) 32. Rxf7 $18 {[%cal Od4e6]} ({Resist} 32. Rxc7 $6 Bxf6 33. Rxf7 (33. Rxa7 Rg4 $14) 33... Bxd4 34. cxd4 Rg5 $16) 32... Rg6 33. Rf8+ Rg8 34. Rf7 {[%cal Od4e6]} Rg6 35. Rxc7 {White has more active pieces.} Bxf6 36. Rxa7 (36. Rc6 $18) 36... Bxd4 $16 37. cxd4 {KR-KR. White is a pawn up.} Rg4 38. Rxa6 Rxd4 39. Ke2 $1 {Repels Rd2+} Kg7 40. Ke3 {Dodges d5} Rd1 41. a4 {[%cal Ba3a4,Ba4a5,Ba5a6][%mdl 32]} Kf6 {[#]} (41... Ra1 $16 {was called for.} 42. Ke4 (42. Rxd6 Ra3+ 43. Rd3 Rxa4 $14) 42... Ra2) 42. a5 $1 $18 h6 {[#]} 43. Ra8 $1 {and a6 should not be overlooked} Ra1 $2 (43... d5 44. a6 Kg7) 44. Kd4 Ra2 45. a6 Kg7 46. h3 Rxg2 (46... h5 $142 47. a7 h4) 47. Rd8 Ra2 48. Rxd6 h5 49. Kc5 {White mates.} Kf7 50. Kb6 Rb2+ 51. Kc7 Ke7 52. Rb6 Ra2 {Weighted Error Value: White=0.14 (very precise) /Black=0.58} 53. Kb7 1-0

[Event "5th Cairns Cup 2025"]
[Site "Saint Louis USA"]
[Date "2025.06.13"]
[Round "4.4"]
[White "Dzagnidze, Nana"]
[Black "Dronavalli, Harika"]
[Result "0-1"]
[Annotator "Tactical Analysis 7.0"]
[WhiteElo "2505"]
[BlackElo "2483"]
[PlyCount "94"]
[GameId "2189700371383448"]
[EventDate "2025.06.10"]

1. d4 d5 2. Nf3 Nf6 3. e3 e6 4. Bd3 Bd6 5. b3 b6 6. Bb2 Bb7 7. O-O O-O 8. Ne5 {D05: Colle System with ...e6.} Nbd7 9. f4 Ne4 10. Bxe4 {The position is equal.} dxe4 11. c4 f6 12. Nxd7 Qxd7 13. Nc3 Rfd8 $146 ({Predecessor:} 13... Qe7 14. Qc2 e5 15. fxe5 fxe5 16. Nxe4 exd4 17. Nxd6 Qxe3+ 18. Kh1 cxd6 19. Rae1 Rae8 20. Rd1 Rxf1+ 21. Rxf1 Qe2 22. Qxe2 Rxe2 23. Rb1 Rxg2 {0-1 Md,B (2140)-Victor,J (2304) Titled Tuesday intern op 16th Apr Early Chess.com INT blitz 2024 (4)}) 14. Qc2 f5 15. Rad1 Bf8 16. Rf2 Qf7 {[#]} 17. g4 fxg4 $15 18. Nxe4 (18. Rdf1 $15) 18... Be7 19. Rdf1 Qf5 20. d5 {[%cal Oc2c3]} Bf8 $2 (20... exd5 $2 21. Nf6+ $18) (20... Rd7 $1 $17) 21. Rg2 ({White should try} 21. h3 $1 $16) 21... Rd7 $2 {[#]} (21... h6 $11 {and Black stays safe.}) 22. h3 $1 $18 {[%mdl 512]} h5 23. hxg4 $1 hxg4 24. Bd4 (24. Rff2 $1 $16) 24... Re8 (24... exd5 $2 25. Nf6+ $18) 25. Nc3 (25. Rff2 $1 $14) 25... Qxc2 $11 26. Rxc2 exd5 27. cxd5 c5 28. dxc6 (28. Be5 $11) 28... Bxc6 $17 29. Kf2 Bf3 30. Ne2 (30. Nb1 $17) 30... Be4 (30... g5 $1 $19 {has better winning chances. Strongly threatening ...Rh7.} 31. Be5 gxf4 32. Bxf4 Be4) 31. Rc3 Bb4 32. Rc4 Be7 {This pair of bishops is nice.} 33. Rfc1 Bh4+ 34. Ng3 Bf3 {Black is more active.} 35. Rc8 {[#]} Rxc8 (35... Bd8 $1 $17) 36. Rxc8+ $15 Kh7 37. Rc1 Bb7 38. Rc3 (38. b4 $15 {deserves consideration.}) 38... Kg6 39. Rc1 Kf7 40. Rc4 {[#]} (40. a4 $17) 40... g6 $1 $19 41. Rc3 $2 (41. a4 $17) 41... Ke6 42. Rc1 Rh7 43. Rc2 $2 (43. Rg1 Rc7 44. e4) 43... Be4 {Black is clearly winning.} 44. f5+ gxf5 45. Rc1 Bxg3+ 46. Kxg3 Rh3+ 47. Kf4 {Both players deserved the win here.   Weighted Error Value: White=0.42/Black=0.20 (precise)} g3 0-1

[Event "5th Cairns Cup 2025"]
[Site "Saint Louis USA"]
[Date "2025.06.13"]
[Round "4.5"]
[White "Tan, Zhongyi"]
[Black "Lee, Alice"]
[Result "1/2-1/2"]
[Annotator "Tactical Analysis 7.0"]
[WhiteElo "2546"]
[BlackElo "2389"]
[PlyCount "132"]
[GameId "2189704379336200"]
[EventDate "2025.06.10"]

1. d4 d5 2. c4 e6 3. Nc3 h6 4. Nf3 Nf6 5. e3 a6 6. b3 {D37: Queen's Gambit Declined: 5 Bf4.} c5 7. Bb2 cxd4 8. Nxd4 {White has an edge.} dxc4 9. Bxc4 Bd6 10. a4 $146 ({Predecessor:} 10. O-O O-O 11. h3 Qe7 12. Qc2 b5 13. Bd3 Bb7 14. Rac1 Rc8 15. Nd5 Qd8 16. Nxf6+ gxf6 {0-1 Gevorgyan,D (2254)-Stopa,J (2298) Paracin Prestige op 2025 (9)}) 10... O-O 11. O-O Qe7 12. Qc2 Bd7 13. Ne4 Nxe4 14. Qxe4 {[%cal Oc4d3]} Nc6 $1 15. Rad1 {[%cal Od4f5]} Rad8 16. h3 Na5 17. Be2 $36 {[%mdl 2048] Black is under pressure.} f5 18. Qd3 {[%cal Od4f5]} e5 {[#]} 19. Nxf5 {[%csl Od6,Oe5][%mdl 64] Discovered Attack} Bxf5 20. Qd5+ Kh8 21. Qxa5 Qg5 {[#]} (21... Bc2 $14) 22. Bg4 $1 $16 {[%mdl 64] Deflection} (22. Bxe5 $2 Bxh3 23. Qd5 Bxe5 $19) 22... Bxg4 23. hxg4 Qxg4 24. Bxe5 Qg5 25. f4 ({And not} 25. Rxd6 Rxd6 26. f4 Qd8 $15) 25... Qe7 26. Bd4 $2 {White has more active pieces.} (26. Rxd6 $16 Rxd6 27. Qb4 {[%mdl 64] Pin} (27. Bxd6 Qxd6 28. Qc3 Rd8 $16)) 26... Bxf4 $11 {The position is equal.} 27. Rxf4 Rxf4 28. Qxd8+ Qxd8 29. Bxg7+ {[%csl Od8][%mdl 64] Discovered Attack} (29. exf4 $2 {too greedy.} Kg8 30. Rd3 Qd5 $19) 29... Kxg7 30. Rxd8 {[%mdl 4096] Endgame KR-KR. White is a pawn up.} Rb4 31. Rd3 b5 32. a5 Kf6 $1 33. Kf2 Ke5 {Against Rd6} 34. Kf3 {With the idea Rc3.} h5 35. Rc3 Kd5 {Prevents Rc5+.} 36. Rd3+ Ke5 37. Kf2 Rg4 38. Rd8 Rb4 39. Ra8 Rxb3 40. Rxa6 {And now Ra8 would win.} Ra3 41. Kf3 b4 42. Rb6 Rxa5 43. Rxb4 Kf5 44. e4+ Kg5 45. Rb3 Ra1 46. Rb5+ Kg6 47. Rb8 Rf1+ 48. Kg3 h4+ 49. Kh3 (49. Kxh4 $5 Rf4+ $8 50. g4 Rxe4 51. Rb6+ Kg7 52. Ra6 $11) 49... Rf4 50. Re8 Kf7 51. Re5 Kg6 {Wards off Rf5} 52. Re6+ Kf7 53. Rh6 (53. Re5 $5 Kg6 $8 54. Re7 $11) 53... Rxe4 54. Rxh4 Re3+ 55. Kg4 Kg6 56. Rh8 Re4+ 57. Kf3 Ra4 58. Rb8 Ra3+ 59. Kg4 Ra4+ 60. Kh3 Ra3+ 61. Kh4 Ra4+ 62. g4 Ra6 63. Rc8 Rd6 64. Rb8 Ra6 65. Rc8 Rd6 66. Rb8 {Weighted Error Value: White=0.06 (flawless) /Black=0.04 (flawless)} Ra6 1/2-1/2

[Event "5th Cairns Cup 2025"]
[Site "Saint Louis USA"]
[Date "2025.06.14"]
[Round "5.1"]
[White "Lee, Alice"]
[Black "Koneru, Humpy"]
[Result "1/2-1/2"]
[Annotator "Tactical Analysis 7.0"]
[WhiteElo "2389"]
[BlackElo "2543"]
[PlyCount "89"]
[GameId "2189709864068938"]
[EventDate "2025.06.10"]

1. Nf3 Nf6 2. c4 e6 3. g3 d5 4. Bg2 Be7 5. d4 O-O 6. Nc3 dxc4 7. Ne5 c5 8. dxc5 Qc7 9. Nxc4 {Hoping for b4. E06: Closed Catalan: Early deviations.} Qxc5 10. Qb3 {[%cal Oc1e3] The old main line.} Nc6 {[#] Threatens to win with ...Nd4.} 11. Qb5 {White has an edge.} Nd5 {The position is equal.} 12. Qxc5 Bxc5 13. Bd2 Rd8 14. Nxd5 $146 ({Predecessor:} 14. Rc1 b6 15. Nxd5 exd5 16. Na5 Nxa5 17. Bxa5 Rd7 18. O-O Ba6 19. Rfe1 g6 20. e3 Bxe3 21. fxe3 bxa5 {½-½ Sarana,A (2618)-Leko,P (2669) Moscow Nutcracker rapid 2018 (5.3)}) 14... exd5 15. Na5 Nxa5 16. Bxa5 b6 17. Bc3 Be6 18. Rd1 Rd7 19. O-O Rc8 20. e3 d4 {[%csl Oa2][%mdl 64] [#] Discovered Attack} 21. exd4 Rcd8 $1 22. d5 {[%mdl 64] Deflection} Bxd5 23. Bh3 Be6 24. Rxd7 Rxd7 25. Bxe6 fxe6 $11 {[%mdl 4096] Endgame KRB-KRB} 26. Re1 Kf7 27. Kg2 Be7 28. Re4 Bf6 29. Rc4 Bxc3 30. Rxc3 {KR-KR} Kf6 31. Kf3 Rd2 32. Ra3 Rxb2 33. Rxa7 b5 34. a4 Rb3+ 35. Ke2 Rb2+ 36. Ke3 Rb3+ 37. Kd2 bxa4 38. Rxa4 h5 39. h4 e5 40. Ra8 Kf7 41. Ra7+ Kf6 42. Ra8 Kf7 43. Ra7+ Kf6 44. Ra8 Kf7 {An uneventful encounter.   Weighted Error Value: White=0.03 (flawless) /Black=0.01 (flawless)} 45. Ra7+ 1/2-1/2

[Event "5th Cairns Cup 2025"]
[Site "Saint Louis USA"]
[Date "2025.06.14"]
[Round "5.2"]
[White "Yip, Carissa"]
[Black "Dzagnidze, Nana"]
[Result "1-0"]
[Annotator "Tactical Analysis 7.0"]
[WhiteElo "2431"]
[BlackElo "2505"]
[PlyCount "135"]
[GameId "2189713331292286"]
[EventDate "2025.06.10"]

1. e4 c5 2. Nf3 a6 3. c3 {[%cal Bc2c3,Bc3c4][%mdl 32]} d5 4. exd5 Qxd5 5. d4 e6 6. Be3 Nd7 {B28: Sicilian: 2 Nf3 a6 (O'Kelly Variation).} 7. c4 Qc6 (7... Qe4 $6 8. Nc3 Qc6 9. d5 exd5 10. Qxd5 $16 (10. Nxd5 Bd6 $16) (10. cxd5 Qc7 $16)) 8. Nc3 Ngf6 {White is slightly better.} 9. h3 cxd4 $146 ({Predecessor:} 9... Be7 10. Be2 O-O 11. O-O b6 12. Ne5 Qc7 13. Bf3 Bb7 14. Bxb7 Qxb7 15. Nxd7 Nxd7 {1-0 Akshat,N (1817)-Challa,S (2096) IND-chT 44th Ahmedabad 2025 (1.2)}) 10. Nxd4 Qc7 11. Be2 b6 12. Bf3 Bb7 {[%cal Ob7f3] [#]} 13. Bf4 Qc8 (13... Qxf4 $17 14. Bxb7 Ra7) 14. O-O $14 {[%cal Oc3d5]} Bc5 15. Nb3 Be7 16. Bxb7 Qxb7 17. Bd6 Rc8 18. Bxe7 Kxe7 19. Qe2 Rhd8 20. Rad1 Qc6 21. Nd5+ (21. Nd2 {simplifies} Kf8 22. b3 h6 23. Rc1) 21... Kf8 22. Nd4 Qxc4 23. Nxf6 (23. Nxe6+ $2 fxe6 24. Qxe6 Re8 (24... Qxa2 25. Qe7+ Kg8 26. Nxf6+ {[%mdl 64] Remove Defender} gxf6 27. Rxd7 $16) 25. Qd6+ Kf7 26. Nxf6 Nxf6 $19) 23... gxf6 24. Qh5 Kg7 {[%cal Od7e5]} 25. b3 Qc5 26. Qg4+ Qg5 $2 {[#]} (26... Kh8 $11) 27. Nxe6+ $1 $18 {[%mdl 512]} fxe6 28. Qxe6 Ne5 (28... Kh6) 29. Rxd8 $2 (29. f4 $1 $18 {[%cal Rf4g5] is the precise move to win.} Qh5 (29... Nf3+ $2 30. Rxf3 Rxd1+ 31. Kh2 $18) 30. Rxd8 (30. fxe5 Rxd1 31. exf6+ Kg6 $18) 30... Rxd8 31. fxe5 Qxe5 32. Qxb6 Qd4+ 33. Qxd4 Rxd4 34. Rf5) 29... Rxd8 $16 30. f4 $1 {[%csl Oe5,Og5][%mdl 64] Deflection, Double Attack} (30. Qxb6 Nf3+ 31. Kh1 Nh4 $17) 30... Qg3 {[%cal Od8d2] Hoping for ...Rd2!.} 31. fxe5 Qxe5 32. Qxb6 {[%mdl 4096] Endgame KQR-KQR. White is a pawn up.} Rd6 33. Qc7+ Kg6 34. Qc8 $36 {[%mdl 2048] Keeping Black busy. White is more active.} h5 (34... Kg7 $16 35. Qc7+ Kg6) 35. Qg8+ (35. b4 $1 $18) 35... Kh6 $14 36. Qf7 Qd4+ (36... Rc6 $16) 37. Kh1 $18 Qe5 {Dodges Rf5} 38. b4 Qe6 $2 (38... Rb6 {might work better.} 39. Qf8+ Kg6 40. Qg8+ Kh6 41. Qh8+ Kg6 42. Qg8+) 39. Qxe6 Rxe6 {KR-KR. White is a pawn up.} 40. Rf5 (40. a4 $142 Kg5 41. Kg1) 40... Kg6 41. Ra5 h4 42. Kg1 Rb6 43. a3 {[%cal Ba2a3,Ba3a4,Ba4b5,Bb5b6][%mdl 32]} Rd6 44. Kf2 f5 45. Ke3 {and Kf4 should not be overlooked} Kg5 {[#]} (45... Kf6 46. Kf4 Rd4+ 47. Kf3 Rd3+ 48. Ke2 Rb3) 46. a4 $1 Re6+ {[#]} 47. Kd3 $2 ({White must play} 47. Kd4 $1 $18) 47... Kf4 $1 $11 48. b5 axb5 49. axb5 {White stays focused until the end.} Re3+ $2 {[%mdl 8192]} (49... Re4 $11 {and Black stays safe.}) 50. Kc4 $18 {White is clearly winning.} Ke5 51. b6+ Kd6 52. Rxf5 Kc6 53. Rf6+ Kb7 54. Rg6 Re2 55. Kd3 Re1 56. Rg4 Kxb6 57. Rxh4 Kc5 58. Re4 Rg1 59. Re2 Kd5 60. Ke3 Rf1 61. Rf2 Ra1 62. Kf4 Ke6 63. Kg5 Ra3 64. Rf3 Ra8 65. g4 Ke7 66. Kh4 Rh8+ 67. Kg3 Ke6 {Weighted Error Value: White=0.25 (precise) /Black=0.55} 68. h4 1-0

[Event "5th Cairns Cup 2025"]
[Site "Saint Louis USA"]
[Date "2025.06.14"]
[Round "5.3"]
[White "Dronavalli, Harika"]
[Black "Tan, Zhongyi"]
[Result "1/2-1/2"]
[Annotator "Tactical Analysis 7.0"]
[WhiteElo "2483"]
[BlackElo "2546"]
[PlyCount "34"]
[GameId "2189719965522313"]
[EventDate "2025.06.10"]

1. Nf3 d5 2. g3 c5 3. Bg2 Nf6 4. O-O Nc6 5. d4 cxd4 6. Nxd4 e5 7. Nxc6 bxc6 8. c4 Be6 ({Don't play} 8... dxc4 9. Bxc6+ Bd7 10. Bxa8 Qxa8 11. Nc3 $16) 9. Qa4 {[#] D02: 1 d4 d5 2 Nf3 sidelines, including 2...Nf6 3 g3 and 2...Nf6 3 Bf4.} Qd7 (9... dxc4 $2 {too greedy.} 10. Qxc6+ (10. Bxc6+ Bd7 $16) 10... Nd7 11. Qxa8 $18) 10. Nc3 {Bg5 would now be deadly.} Rc8 11. cxd5 {White is slightly better.} cxd5 12. Qxd7+ Kxd7 13. Rd1 $1 {[%cal Oc1g5]} Bc5 $1 14. Na4 Be7 $146 ({Predecessor:} 14... Rhd8 15. Bd2 Bb6 16. Nxb6+ axb6 17. Bc3 d4 18. e3 Nd5 19. exd4 Nxc3 20. bxc3 Rxc3 21. dxe5+ Ke7 22. Rdb1 g5 23. Rxb6 Ra3 24. Be4 {1-0 Artemiev,V (2711)-Aronian,L (2725) Chessable Masters Div 2 Win Chess.com INT rapid 2024 (3.1)}) 15. Nc3 {[%cal Rc3d5]} Bc5 (15... Rhd8 $11) 16. Na4 $14 Be7 17. Nc3 {[%cal Rc3d5]} {Weighted Error Value: White=0.07 (flawless) /Black=0.05 (flawless)} Bc5 1/2-1/2

[Event "5th Cairns Cup 2025"]
[Site "Saint Louis USA"]
[Date "2025.06.14"]
[Round "5.4"]
[White "Batsiashvili, Nino"]
[Black "Muzychuk, Mariya"]
[Result "1/2-1/2"]
[Annotator "Tactical Analysis 7.0"]
[WhiteElo "2462"]
[BlackElo "2492"]
[PlyCount "130"]
[GameId "2189720992303867"]
[EventDate "2025.06.10"]

1. d4 d5 2. c4 c6 3. Nf3 Nf6 4. Qc2 g6 5. Nc3 Bg7 6. cxd5 {D11: Slav Defence: 3 Nf3 sidelines and 3...Nf6 4 e3 Bg4.} cxd5 7. Bf4 Nc6 8. e3 O-O 9. a3 Nh5 {[#]} 10. Bg5 h6 $146 ({Predecessor:} 10... Qa5 11. Be2 h6 12. Bh4 Bf5 13. Qb3 g5 14. Bg3 Nxg3 15. hxg3 e6 16. Qxb7 Rfc8 {1-0 Nadera,B (2390)-Alsharhan,F (2125) Asia Cities-ch 14th Tagaytay City 2004 (1.2)}) 11. Bh4 g5 12. Bg3 e6 13. Ne5 ({White should play} 13. Be5 $11) 13... Nxe5 ({Black should try} 13... Nxg3 $15 14. Nxc6 bxc6 15. hxg3 Qc7) 14. Bxe5 $11 f6 $1 15. Bg3 Nxg3 16. hxg3 f5 17. Bd3 Bd7 18. O-O-O (18. Rc1 {is more appropriate.}) 18... Rb8 (18... Rc8 {feels hotter.} 19. Kd2 b5 20. f4 a5) 19. f4 b5 20. b4 $1 a5 21. Kd2 Qe7 22. Rb1 Rfc8 23. Qb3 Qd8 24. Rhc1 Bf8 25. Rh1 Bg7 26. Ke1 Qc7 27. Ne2 axb4 28. axb4 Qd6 29. Kf2 Be8 30. Ng1 (30. fxg5 $142 hxg5 31. g4) 30... g4 31. Ne2 Bf8 32. Rhc1 Rxc1 33. Nxc1 Rc8 34. Ne2 Kg7 35. Qa3 Be7 36. Qa7 Qc7 (36... Kf6 $11) 37. Qxc7 (37. Qa6 $16) 37... Rxc7 38. Ke1 Kf6 39. Kd2 Bd6 40. Nc3 Rb7 41. Kc2 Ke7 42. Kb3 Ra7 43. Rh1 h5 {The position is equal.} 44. Bxb5 Rb7 45. Ka4 Rc7 46. Rc1 Ra7+ 47. Kb3 {[#]} Rb7 {[%cal Ba7b7,Bb7b4,Bb4c4][%mdl 32]} 48. Bxe8 Rxb4+ 49. Kc2 Kxe8 {[%mdl 4096] Endgame KRB-KRN} 50. Rh1 Rc4 51. Kd3 Rb4 52. Kc2 {Repels Rb2+} Rc4 53. Kd3 Rb4 54. Rxh5 Rb2 {[%cal Od6b4]} 55. Na4 Rxg2 56. Nc5 $1 Bxc5 57. dxc5 {Threatens to win with Rh7. KR-KR} Kd7 58. Rh7+ Kc6 59. Re7 Kxc5 {And now ...Kd6 would win.} ({Of course not} 59... Rxg3 60. Kd4 $16) 60. Rxe6 Ra2 61. Re8 Ra3+ 62. Ke2 Ra2+ 63. Kd3 Ra3+ 64. Ke2 Ra2+ 65. Kd3 {A balanced but interesting game.   Weighted Error Value: White=0.06 (flawless) /Black=0.07 (flawless)} Ra3+ 1/2-1/2

[Event "5th Cairns Cup 2025"]
[Site "Saint Louis USA"]
[Date "2025.06.14"]
[Round "5.5"]
[White "Assaubayeva, Bibisara"]
[Black "Kashlinskaya, Alina"]
[Result "1/2-1/2"]
[Annotator "Tactical Analysis 7.0"]
[WhiteElo "2509"]
[BlackElo "2459"]
[PlyCount "81"]
[GameId "2189727274466432"]
[EventDate "2025.06.10"]

1. e4 e5 2. Nf3 Nf6 3. Nxe5 d6 4. Nf3 Nxe4 5. d4 d5 6. Bd3 Bd6 7. O-O O-O 8. c4 c6 9. Nc3 Nxc3 10. bxc3 dxc4 11. Bxc4 Bf5 {is cutting edge theory.} 12. Bg5 {C42: Petroff Defence: 3 Nxe5 and unusual White 3rd moves.} Qa5 {[%cal Ob8d7]} 13. Nh4 Be6 14. Bxe6 {[#]} Qxg5 15. Nf3 Qa5 16. Bh3 Qc7 17. c4 Nd7 18. Re1 {[#] and c5 should not be overlooked} Nf6 19. Qb3 Rfe8 20. c5 Bf8 21. g3 b6 22. cxb6 $146 ({Predecessor:} 22. Rxe8 Rxe8 23. cxb6 axb6 24. Rb1 b5 25. Rc1 Bd6 26. Qc3 h6 27. Qxc6 Qb8 28. Bf1 {1-0 Mamedov,R (2646)-Nepomniachtchi,I (2793) Airthings Play In Match Chess.com INT rapid 2023 (1.2)}) 22... axb6 23. Ne5 {Threatening Bg2.} Bd6 {[%cal Rd6e5]} 24. Nc4 b5 25. Nxd6 Qxd6 26. Bg2 g6 ({Don't play} 26... Qxd4 $6 27. Bxc6 Ng4 28. Qf3 (28. Bxe8 $2 {leads to mate.} Qxf2+ 29. Kh1 Qxh2#) (28. Rf1 Re2 $16) 28... Rxe1+ 29. Rxe1 $16) 27. Rac1 Rxe1+ 28. Rxe1 Ra4 29. Rd1 (29. Rc1 {feels hotter.} Qxd4 30. Bxc6 Ng4 31. Rf1) 29... Rxd4 (29... Nd5 {simplifies} 30. Bxd5 Qxd5 31. Qxd5 cxd5 32. Rb1 b4) 30. Rxd4 {The position is equal.} Qxd4 31. Bxc6 $11 {[%mdl 4096] Endgame KQB-KQN} Ng4 32. Qf3 Ne5 33. Qd5 Nxc6 34. Qxc6 {KQ-KQ} Qa1+ 35. Kg2 Qxa2 36. Qxb5 Qa8+ 37. Kg1 Qa1+ 38. Kg2 Qa8+ 39. Kg1 Qa1+ 40. Kg2 Qa8+ {An even fight not without its subleties.   Weighted Error Value: White=0.04 (flawless) /Black=0.03 (flawless)} 41. Kg1 1/2-1/2